| 000 | 01166nam a2200289 a 4500 | ||
|---|---|---|---|
| 005 | 20160216115920.0 | ||
| 008 | 111006s2003 ck ab gr 00010 spa d | ||
| 020 | _a9589734901 | ||
| 040 |
_aCO-BoBLA _cCO-BoBLA _dCO-BoIAVH |
||
| 041 | 0 | _aspa | |
| 044 | _ack | ||
| 082 | 0 | 4 |
_a363.34 _bL12a |
| 100 | 1 | _aLacambra, Carmen Liliana. | |
| 245 | 0 | 0 |
_aAmenazas naturales y antrópicas en las zonas costeras colombianas / _cCarmen Liliana Lacambra ... [et al.]. |
| 260 |
_aMedellin : _bINVEMAR. Instituto de Investigaciones Marinas y Costeras "José Benito Vives De Andréis", _c2003. |
||
| 300 |
_a70 páginas : _bilustraciones, mapas a color ; _c28 x 21 cm. |
||
| 490 | 0 |
_aSerie de documentos generales de INVEMAR ; _v15 |
|
| 504 | _aIncluye bibliografía. | ||
| 650 | 6 |
_aDesastres naturales _x Prevención _z Colombia. |
|
| 650 | 4 |
_aRiesgos ambientales _z Colombia. |
|
| 650 | 6 |
_aDesastres naturales _v Terminología. |
|
| 650 | 6 |
_aMedio ambiente _xpeligros _zColombia. |
|
| 700 | 1 | _aLozano, Clara del Pilar | |
| 700 | 1 | _aAlonso C., David A. | |
| 700 | 1 | _aFontalvo, Martha Liliana | |
| 942 |
_2ddc _cLIBRO |
||
| 999 |
_c4027 _d4027 |
||